Bankers' Securities (Record no. 8925)

MARC details
000 -LEADER
fixed length control field 00458nam a22001817a 4500
003 - CONTROL NUMBER IDENTIFIER
control field OSt
005 - DATE AND TIME OF LATEST TRANSACTION
control field 20240626123531.0
008 - FIXED-LENGTH DATA ELEMENTS--GENERAL INFORMATION
fixed length control field 240626b |||||||| |||| 00| 0 eng d
020 ## - INTERNATIONAL STANDARD BOOK NUMBER
International Standard Book Number 9780852973516
040 ## - CATALOGING SOURCE
Transcribing agency MUST
082 ## - DEWEY DECIMAL CLASSIFICATION NUMBER
Classification number 332.1 AMI 1994
100 ## - MAIN ENTRY--PERSONAL NAME
Personal name Amin, Vaumini
9 (RLIN) 18065
245 ## - TITLE STATEMENT
Title Bankers' Securities
Remainder of title A practical and Legal Guide
Statement of responsibility, etc. Vaumini Amin
300 ## - PHYSICAL DESCRIPTION
Extent xxii, 201p.
Dimensions 22cm
504 ## - BIBLIOGRAPHY, ETC. NOTE
Bibliography, etc index
650 ## - SUBJECT ADDED ENTRY--TOPICAL TERM
Source of heading or term Banking
942 ## - ADDED ENTRY ELEMENTS (KOHA)
Source of classification or shelving scheme Dewey Decimal Classification
Koha item type Open Shelf
Holdings
Withdrawn status Lost status Source of classification or shelving scheme Damaged status Not for loan Home library Current library Date acquired Source of acquisition Inventory number Total Checkouts Full call number Barcode Date last seen Price effective from Koha item type
    Dewey Decimal Classification     MUST Main Library MUST Main Library 26/06/2024 Purchase 13/36919   332.1 AMI 1994 2024-21437 26/06/2024 26/06/2024 Open Shelf
    Dewey Decimal Classification     MUST Main Library MUST Main Library 09/07/2024 Purchase 13/36920   332.1 AMI 1994 2024-21839 09/07/2024 09/07/2024 Open Shelf